01059nam a2200277 4500003000400000005001700004008004100021040001800062041001300080050002600093100002900119245015200148264010700300300002500407336002200432337002400454338002400478650003200502650004000534650004000574650003600614650006500650650003400715942001500749999001700764OSt20260530113845.0260508b1974 cn a|||| |||| 00| 0 eng d aICIbspacICI1 aengafre14aHD9999.D452bA73 19741 aArcher, L. Bruce,93066310aDesign awareness and planned creativity in industry :bconnaissance du design et la créativité planifiée dans l'industrie /cL. Bruce Archer. 1bDepartment of Industry, Trade and Commerce and the Design Council of Great Britain,c1974.a[London] : a112 páginasc23cm. atexto2rdacontent asin medio2rdamedia avolumen2rdacarrier 0aDiseño industrial.915218 0aCreatividad en la industria.930664 0aInnovaciones tecnológicas.930665 0aDesarrollo de productos.930666 0aIndustria manufactureraxInnovaciones tecnológicas.930667 0aDiseño de productos.930668 2lcccBKn1 c11271d11271